<?xml version="1.0" encoding="UTF-8"?>
<record
    xmlns:xsi="http://www.w3.org/2001/XMLSchema-instance"
    xsi:schemaLocation="http://www.loc.gov/MARC21/slim http://www.loc.gov/standards/marcxml/schema/MARC21slim.xsd"
    xmlns="http://www.loc.gov/MARC21/slim">

  <leader>00974nam a22002417a 4500</leader>
  <controlfield tag="005">20170124103209.0</controlfield>
  <datafield tag="010" ind1=" " ind2=" ">
    <subfield code="a">766521</subfield>
  </datafield>
  <datafield tag="020" ind1=" " ind2=" ">
    <subfield code="c">00.00</subfield>
  </datafield>
  <datafield tag="035" ind1=" " ind2=" ">
    <subfield code="a">766521</subfield>
  </datafield>
  <datafield tag="037" ind1=" " ind2=" ">
    <subfield code="b">Cen Lib/Ret</subfield>
  </datafield>
  <datafield tag="040" ind1=" " ind2=" ">
    <subfield code="a">DPL</subfield>
    <subfield code="b">HN</subfield>
  </datafield>
  <datafield tag="082" ind1=" " ind2=" ">
    <subfield code="a">338</subfield>
    <subfield code="b">&#x915;&#x93F;&#x930;&#x94D;&#x91C;&#x928; </subfield>
  </datafield>
  <datafield tag="100" ind1=" " ind2=" ">
    <subfield code="a">&#x915;&#x93F;&#x930;&#x94D;&#x91C;&#x928;  &#x907;&#x91C;&#x930;&#x93E;&#x907;&#x932; </subfield>
    <subfield code="9">95458</subfield>
  </datafield>
  <datafield tag="245" ind1=" " ind2=" ">
    <subfield code="a">&#x92C;&#x93E;&#x91C;&#x93C;&#x93E;&#x930; &#x938;&#x93F;&#x926;&#x94D;&#x927;&#x93E;&#x902;&#x924; &#x90F;&#x935;&#x902; &#x92E;&#x942;&#x932;&#x94D;&#x92F; &#x92A;&#x926;&#x94D;&#x926;&#x924;&#x93F; /</subfield>
    <subfield code="c">&#x915;&#x93F;&#x930;&#x94D;&#x91C;&#x928;  &#x907;&#x91C;&#x930;&#x93E;&#x907;&#x932; </subfield>
  </datafield>
  <datafield tag="246" ind1=" " ind2=" ">
    <subfield code="a">Bazar siddhant evam mulay paddti </subfield>
    <subfield code="b">by Kirzan Ijrail</subfield>
  </datafield>
  <datafield tag="300" ind1=" " ind2=" ">
    <subfield code="a">367&#x92A;&#x943;&#x937;&#x94D;&#x920;. </subfield>
    <subfield code="c">22&#x938;&#x947;&#x92E;&#x940;(&#x938;&#x91C;&#x93F;&#x932;&#x94D;&#x926;)</subfield>
  </datafield>
  <datafield tag="500" ind1=" " ind2=" ">
    <subfield code="a"> &#x938;&#x928;&#x94D;&#x926;&#x930;&#x94D;&#x92D; &#x917;&#x94D;&#x930;&#x928;&#x94D;&#x925; &#x938;&#x942;&#x91A;&#x940; &#x936;&#x93E;&#x92E;&#x93F;&#x932; </subfield>
  </datafield>
  <datafield tag="650" ind1=" " ind2=" ">
    <subfield code="a">&#x906;&#x930;&#x94D;&#x925;&#x93F;&#x915; &#x938;&#x93F;&#x926;&#x94D;&#x927;&#x93E;&#x902;&#x924; </subfield>
    <subfield code="9">95459</subfield>
  </datafield>
  <datafield tag="650" ind1=" " ind2=" ">
    <subfield code="a">&#x92C;&#x93E;&#x91C;&#x93C;&#x93E;&#x930; - &#x909;&#x924;&#x94D;&#x92A;&#x93E;&#x926;&#x928; </subfield>
    <subfield code="9">95460</subfield>
  </datafield>
  <datafield tag="650" ind1=" " ind2=" ">
    <subfield code="a">Economic theory</subfield>
    <subfield code="9">9818</subfield>
  </datafield>
  <datafield tag="650" ind1=" " ind2=" ">
    <subfield code="a">Market - production</subfield>
    <subfield code="9">95461</subfield>
  </datafield>
  <datafield tag="942" ind1=" " ind2=" ">
    <subfield code="2">ddc</subfield>
    <subfield code="c">HN</subfield>
    <subfield code="h">338</subfield>
    <subfield code="m">&#x915;&#x93F;&#x930;&#x94D;&#x91C;&#x928; </subfield>
  </datafield>
  <datafield tag="999" ind1=" " ind2=" ">
    <subfield code="c">121192</subfield>
    <subfield code="d">121192</subfield>
  </datafield>
  <datafield tag="952" ind1=" " ind2=" ">
    <subfield code="0">0</subfield>
    <subfield code="1">0</subfield>
    <subfield code="4">0</subfield>
    <subfield code="7">0</subfield>
    <subfield code="a">L</subfield>
    <subfield code="b">L</subfield>
    <subfield code="d">2015-10-03</subfield>
    <subfield code="e">Cen Lib/Ret</subfield>
    <subfield code="g">0.00</subfield>
    <subfield code="l">0</subfield>
    <subfield code="o">338 &#x915;&#x93F;&#x930;&#x94D;&#x91C;&#x928;</subfield>
    <subfield code="p">766521</subfield>
    <subfield code="r">2015-10-03 00:00:00</subfield>
    <subfield code="t">1</subfield>
    <subfield code="v">0.00</subfield>
    <subfield code="w">2015-10-03</subfield>
    <subfield code="y">HN</subfield>
  </datafield>
</record>
